Etika verejného činiteľa

Podstata etických problémov. Etika verejného činiteľa. Etika zamestnanca verejnej správy. Princípy vytvárania etických kódexov. Model etického kódexu verejných činiteľov. Konflikt záujmov. Špecifikácia bodov etického kódexu.

Salvato in:
Dettagli Bibliografici
Autore principale: Thurzo, Alexander
Natura: Capitolo di libro
Lingua:slovacco
Soggetti:
Tags: Aggiungi Tag
Nessun Tag, puoi essere il primo ad aggiungerne!!

MARC

LEADER 00000naa$a2200000$$$4500
001 0116314
005 20231127105153.0
041 0 |a slo 
044 |a SK 
245 1 0 |a Etika verejného činiteľa  |c Alexander Thurzo 
520 |a Podstata etických problémov. Etika verejného činiteľa. Etika zamestnanca verejnej správy. Princípy vytvárania etických kódexov. Model etického kódexu verejných činiteľov. Konflikt záujmov. Špecifikácia bodov etického kódexu. 
610 2 0 |a etika 
610 2 0 |a kódexy etické 
610 2 0 |a správa verejná 
610 2 0 |a správa štátna 
610 2 0 |a zamestnanci štátni 
610 2 0 |a konflikt záujmov 
610 2 0 |a konflikty etnické 
610 2 0 |a korupcia 
100 1 |a Thurzo, Alexander